| 000 | 00819cas a2200157 4500 | ||
|---|---|---|---|
| 008 | 170427n eng u | ||
| 022 | _a07094698 | ||
| 035 | _a(Sirsi) a202657 | ||
| 050 | _ahttp://www.jstor.org/subject/britstud | ||
| 245 | _aVictorian Periodicals Review | ||
| 260 | _aJSTOR | ||
| 310 | _aQuarterly | ||
| 362 | _aVol. 12 , No. 1 , 1979 - Vol. 44 , No. 4 , 2011 | ||
| 520 | _aVictorian Periodicals Review publishes articles and reviews about the history of nineteenth-century British periodicals that reflect interdisciplinary approaches to understanding the ways in which magazines, newspapers, and periodicals were created, circulated, and read, and their roles in shaping and reflecting the contours of culture, politics, and society in Great Britain. | ||
| 650 | _aBritish Studies | ||
| 999 |
_c5885 _d5885 |
||